| Tag |
First Indicator |
Second Indicator |
Subfields |
| LEADER |
00000uam a2200000 a 4500 |
| 001 |
in00004235213 |
| 005 |
20260128202557.0 |
| 006 |
m o d |
| 007 |
cr cn |
| 008 |
170813s2013 xx o eng |
| 020 |
|
|
|z 9781118138274
|
| 020 |
|
|
|z 9781118233061
|
| 020 |
|
|
|z 1118138279
|
| 035 |
|
|
|a (CaSebORM)9781118233061
|
| 040 |
|
|
|d UtOrBLW
|
| 041 |
0 |
|
|a eng
|
| 100 |
1 |
|
|a Zarrella, Dan,
|e author.
|0 http://id.loc.gov/authorities/names/nb2010006790
|
| 245 |
1 |
4 |
|a The Science of Marketing :
|b When to Tweet, What to Post, How to Blog, and Other Proven Strategies /
|c Zarrella, Dan.
|
| 250 |
|
|
|a 1st edition.
|
| 264 |
|
1 |
|b Wiley,
|c 2013.
|
| 300 |
|
|
|a 1 online resource (194 pages)
|
| 336 |
|
|
|a text
|b txt
|2 rdacontent
|
| 337 |
|
|
|a computer
|b c
|2 rdamedia
|
| 338 |
|
|
|a online resource
|b cr
|2 rdacarrier
|
| 347 |
|
|
|a text file
|
| 520 |
|
|
|a Scientific marketing research delivers proven marketing tactics and tips The Science of Marketing applies a scientific approach to the way businesses and brands approach marketing. It uses a combination of marketing, statistical, and psychological research to explain why and, more importantly, how, companies should adapt marketing strategies such as blogging, social media, email marketing, and webinars to achieve maximium results. The book contradicts what the author calls the "unicorns and rainbows" strategy that simply encourages companies to love their customers and hug their followers. Instead, the book offers more substantial, proven tactics and tips gathered through scientific research and techniques. Lists what time of day and what day of the week the most retweets occur Explains why weekends are best for Facebook sharing, which blog posts lead to comments, why early mornings are best for emails, and how to blog to acquire links Describes how to avoid crowding your content The Science of Marketing provides the research and tools to help you make a stronger impact in the digital marketing space.
|
| 533 |
|
|
|a Electronic reproduction.
|b Boston, MA :
|c Safari,
|n Available via World Wide Web.
|d 2013.
|
| 538 |
|
|
|a Mode of access: World Wide Web.
|
| 542 |
|
|
|f Copyright © Wiley
|g 2013
|
| 588 |
|
|
|a Online resource; Title from title page (viewed April 22, 2013)
|
| 500 |
|
|
|a Electronic resource.
|
| 655 |
|
7 |
|a Electronic books.
|2 local
|
| 710 |
2 |
|
|a Safari, an O'Reilly Media Company.
|
| 856 |
4 |
0 |
|u https://proxy.library.tamu.edu/login?url=https://go.oreilly.com/TAMU/library/view/-/9781118233061/?ar
|z Connect to this electronic resource
|t 0
|
| 999 |
f |
f |
|s 7acc980d-1d76-3f3d-8857-cb290eec74f5
|i bbd6b104-4678-34c4-a248-a29aa014761c
|t 0
|
| 952 |
f |
f |
|a Texas A&M University
|b College Station
|c Electronic Resources
|s www_evans
|d Available Online
|t 0
|h No information provided
|
| 998 |
f |
f |
|t 0
|l Available Online
|